Statistics for AC Scrabble Words 8 and Under

Click here to take the quiz!

General Stats

  • This quiz has been taken 14 times
  • The average score is 11 of 219

Answer Stats

Answer% Correct
Act
83%
Action
67%
Accept
50%
Accord
50%
Actin
50%
Actor
50%
Actress
50%
Access
33%
Account
33%
Ace
33%
Ache
33%
Acorn
33%
Acquire
33%
Acre
33%
Actual
33%
Actually
33%
Acute
33%
Acacia
17%
Academy
17%
Accede
17%
Accent
17%
Accost
17%
Accurate
17%
Accuse
17%
Achy
17%
Acid
17%
Acidic
17%
Ack
17%
Acme
17%
Acne
17%
Acquit
17%
Acrid
17%
Active
17%
Actively
17%
Activity
17%
Acumen
17%
Academe
0%
Academia
0%
Academic
0%
Acai
0%
Acajou
0%
Acaleph
0%
Acalephae
0%
Acalephe
0%
Acantha
0%
Acanthus
0%
Acapnia
0%
Acarbose
0%
Acari
0%
Acarid
0%
Acaridan
0%
Acarin
0%
Acaroid
0%
Acarpous
0%
Acarus
0%
Acaudal
0%
Acaudate
0%
Acauline
0%
Acaulose
0%
Acaulous
0%
Acceder
0%
Accentor
0%
Acceptee
0%
Accepter
0%
Accident
0%
Accidia
0%
Accidie
0%
Acclaim
0%
Accolade
0%
Accorder
0%
Accouter
0%
Accoutre
0%
Accredit
0%
Accrete
0%
Accrual
0%
Accrue
0%
Accuracy
0%
Accursed
0%
Accurst
0%
Accusal
0%
Accusant
0%
Accuser
0%
Accustom
0%
Acedia
0%
Aceldama
0%
Acentric
0%
Acequia
0%
Acerate
0%
Acerated
0%
Acerb
0%
Acerbate
0%
Acerbic
0%
Acerbity
0%
Acerola
0%
Acerose
0%
Acerous
0%
Acervate
0%
Acervuli
0%
Acescent
0%
Aceta
0%
Acetal
0%
Acetamid
0%
Acetate
0%
Acetic
0%
Acetify
0%
Acetin
0%
Acetone
0%
Acetose
0%
Acetous
0%
Acetoxyl
0%
Acetum
0%
Acetyl
0%
Achene
0%
Achieve
0%
Achiever
0%
Achillea
0%
Achiness
0%
Achingly
0%
Achiote
0%
Achiral
0%
Acholia
0%
Achoo
0%
Achromat
0%
Achromic
0%
Acicula
0%
Acicular
0%
Aciculum
0%
Acidemia
0%
Acidhead
0%
Acidify
0%
Acidity
0%
Acidly
0%
Acidness
0%
Acidosis
0%
Aciduria
0%
Acidy
0%
Acierate
0%
Aciform
0%
Acinar
0%
Acinic
0%
Acinous
0%
Acinus
0%
Ackee
0%
Aclinic
0%
Acmatic
0%
Acmic
0%
Acnode
0%
Acock
0%
Acoelous
0%
Acold
0%
Acolyte
0%
Aconite
0%
Aconitic
0%
Aconitum
0%
Acoustic
0%
Acquaint
0%
Acquest
0%
Acquiree
0%
Acquirer
0%
Acrasia
0%
Acrasin
0%
Acratic
0%
Acreage
0%
Acridine
0%
Acridity
0%
Acridly
0%
Acrimony
0%
Acro
0%
Acrobat
0%
Acrodont
0%
Acrogen
0%
Acrolect
0%
Acrolein
0%
Acrolith
0%
Acromia
0%
Acromial
0%
Acromion
0%
Acronic
0%
Acronym
0%
Acrosome
0%
Across
0%
Acrostic
0%
Acrotic
0%
Acrotism
0%
Acrylate
0%
Acrylic
0%
Acta
0%
Actable
0%
Actinal
0%
Actinia
0%
Actinian
0%
Actinic
0%
Actinide
0%
Actinism
0%
Actinium
0%
Actinoid
0%
Actinon
0%
Actioner
0%
Activate
0%
Activism
0%
Activist
0%
Activize
0%
Actorish
0%
Actorly
0%
Actressy
0%
Actuary
0%
Actuate
0%
Actuator
0%
Acuate
0%
Acuity
0%
Aculeate
0%
Aculei
0%
Aculeus
0%
Acutance
0%
Acyclic
0%
Acyl
0%
Acylate
0%
Acyloin
0%
Ainose
0%

Score Distribution

Percentile by Number Answered

Percent of People with Each Score

Your Score History

You have not taken this quiz